| 000 | 00923nam a2200265Ia 4500 | ||
|---|---|---|---|
| 003 | OSt | ||
| 005 | 20221005103349.0 | ||
| 006 | a|||||r|||| 00| 0 | ||
| 007 | ta | ||
| 008 | 221004b |||||||| |||| 00| 0 san d | ||
| 020 | _c500 | ||
| 024 | _a2359 | ||
| 037 |
_b360, 11/01/2013, Eastern Book Linkers _cTextual |
||
| 040 |
_aCRL _cCRL _bsan |
||
| 041 |
_2san _asan |
||
| 082 | _aO15,1D61,1, 152P8 | ||
| 100 | _aघई, वेदकुमारी, संपा. | ||
| 245 | 0 | _aसूर्यशतकम् | |
| 246 | _aSūryashatakam | ||
| 260 |
_aजम्मू _bतवी ऋचा प्रकाशनम् भारत _c2008 |
||
| 300 |
_a96पृ0 _ccm. |
||
| 650 | _aसंस्कृत साहित्य | ||
| 942 |
_hO15,1D61,1, 152P8 _cTEXL _2cc |
||
| 999 |
_c1009946 _d1009946 |
||